| 000 | 00580cas a2200169 4500 | ||
|---|---|---|---|
| 008 | 150226n eng u | ||
| 022 | _a00178063 | ||
| 035 | _a(Sirsi) a188570 | ||
| 050 | _aJX1.H3I4L3 | ||
| 245 | _aHARVARD INTERNATIONAL LAW JOURNAL. | ||
| 260 |
_aCambridge _b Harvard University _c 1995. |
||
| 310 | _aSemiannually. | ||
| 362 | _aVol.34, No.1, 1993 - Vol.36, No.1, 1995 | ||
| 520 | _aIt publishes articles and comments on varied topics of interest to international lawyers and scholars. | ||
| 650 | _aLaw. | ||
| 780 | _aHarvard International Law Club Journal. | ||
| 999 |
_c9665 _d9665 |
||